Crecientes críticas contra las instituciones de Bretton Woods y primeros indicios de reforma

Shranjeno v:
Bibliografske podrobnosti
Format: Texto
Teme:
Oznake: Označite
Brez oznak, prvi označite!

MARC

LEADER 00000 a a2200000 04500
001 5563
003
040
245 |a Crecientes críticas contra las instituciones de Bretton Woods y primeros indicios de reforma  
650 |a AJUSTE ESTRUCTURAL  
650 |a INSTITUCIONES FINANCIERAS  
773 |g número 124 -125; páginas 15-26  
999 |c 21501  |d 21501